Online
Catalog

Galeries de l'Académie de Venezia. / (Record no. 933)

MARC details
000 -CABECERA
campo de control de longitud fija 00581cam a2200169u 4500
001 - NÚMERO DE CONTROL
campo de control 000000944
005 - FECHA Y HORA DE LA ÚLTIMA TRANSACCIÓN
campo de control 20200929145441.0
008 - DATOS DE LONGITUD FIJA--INFORMACIÓN GENERAL
campo de control de longitud fija 821218s1955 it a 000 0 fre
040 ## - FUENTE DE LA CATALOGACIÓN
Centro catalogador/agencia de origen DO-SdBNP
Lengua de catalogación spa
Centro/agencia transcriptor BNPHU
082 ## - NÚMERO DE LA CLASIFICACIÓN DECIMAL DEWEY
Número de clasificación nn.
Número de documento/Ítem M895g
100 1# - ENTRADA PRINCIPAL--NOMBRE DE PERSONA
Nombre de persona Moschini Marconi, Sandra
9 (RLIN) 3316
245 10 - MENCIÓN DE TÍTULO
Título Galeries de l'Académie de Venezia. /
Mención de responsabilidad, etc. Vittorio Moschini ; (traduction d'Olivier Guyon).
260 ## - PUBLICACIÓN, DISTRIBUCIÓN, ETC.
Lugar de publicación, distribución, etc. Roma :
Nombre del editor, distribuidor, etc. La Libreria dello Stato,
Fecha de publicación, distribución, etc. 1955.
300 ## - DESCRIPCIÓN FÍSICA
Extensión 72 p. (p. 29-70 ) :
Otras características físicas il. ;
Dimensiones 27 cm.
610 20 - PUNTO DE ACCESO ADICIONAL DE MATERIA--NOMBRE DE ENTIDAD CORPORATIVA
Nombre de entidad corporativa o nombre de jurisdicción como elemento de entrada Gallerie dell'Accademia di Venezia.
9 (RLIN) 3317
910 ## - DATOS DE OPCIÓN DEL USUARIO (OCLC)
Datos de opción del usuario Catalogación por Copia / LC
Holdings
Estado de retiro Estado de pérdida Restricciones de uso No para préstamo Código de colección Localización permanente Ubicación/localización actual Ubicación en estantería Fecha de adquisición Número de inventario Total de préstamos Signatura topográfica completa Código de barras Fecha visto por última vez Precio válido a partir de Tipo de ítem Koha
    Préstamo interno Préstamo en sala Dominicana de Servicio Biblioteca Nacional Pedro Henríquez Ureña Biblioteca Nacional Pedro Henríquez Ureña Depósito 04.09.2009 LF1   nn. M895g 944-10 25.06.2020 25.06.2020 Libros y folletos

Powered by Koha